000 00520nmm a2200169Ia 4500
008 251105s9999||||xx |||||||||||||||||und||
020 _a9789681637859
041 _aspa
100 _aReyes, Alfonso
245 0 _aRumbo a Goethe
264 _a[México D.C., Mexico] :
_bFondo de Cultura Económica,
_c[Fecha de publicación no identificada]
300 _a168 páginas
490 _aBreviarios
650 _aGermanic literature and language
856 _uhttps://public.digitaliapublishing.com/a/65017
942 _cCF
999 _c96794
_d96794